000 00364nam a2200133Ia 4500
999 _c5899
_d5899
020 _a8131203352
082 _a617.7
_bMUK
100 _aMukherjee,P.K.
245 0 _aClinical Wxamination in Opthalmology
_cMukherjee,P.K.
260 _aNew Delhi
_bElsevier
_c2007
300 _a387
650 _a1-Opthalmology-Diagnois 2-Opthalmology Examination
942 _cBK
_2ddc
_e1